Understanding media economics (Record no. 85718)

MARC details
000 -LEADER
fixed length control field 00661nam a2200217Ia 4500
008 - FIXED-LENGTH DATA ELEMENTS--GENERAL INFORMATION
fixed length control field 191130s2002##################000#0#eng##
020 ## - INTERNATIONAL STANDARD BOOK NUMBER
ISBN 9780761968757
082 ## - DEWEY DECIMAL CLASSIFICATION NUMBER
Classification number 302.23 DOY
100 ## - MAIN ENTRY--AUTHOR NAME
Personal name Doyle, Gillian
245 ## - TITLE STATEMENT
Title Understanding media economics
Statement of responsibility, etc Gillian Doyle
260 ## - PUBLICATION, DISTRIBUTION, ETC. (IMPRINT)
Place of publication Thousand Oaks, CA
Name of publisher SAGE
Year of publication 2002
300 ## - PHYSICAL DESCRIPTION
Number of Pages vii, 184 p. : ill. ; 25 cm
500 ## - GENERAL NOTE
General note Includes bibliographical references (p. [175]-180) and index
650 ## - SUBJECT ADDED ENTRY--TOPICAL TERM
Topical Term Mass media - Economic aspects
Topical Term Médias - Aspect économique
991 ## -
-- 227291
Holdings
Withdrawn status Lost status Damaged status Not for loan Home library Current library Shelving location Date acquired Full call number Accession Number Price effective from Koha item type
        Anna Centenary Library Anna Centenary Library 3RD FLOOR, B WING 09.10.2020 302.23 DOY 162776 09.10.2020 English Books

Find us on the map